Statistics for Guess the Taylor Swift Song (no hints) 81

Click here to take the quiz!

General Stats

  • This quiz has been taken 45 times
  • The average score is 304 of 353

Answer Stats

Answer% Correct
I
100%
The
100%
the
100%
a
97%
It
97%
(it
97%
it
97%
me
97%
you
97%
You
97%
your
97%
"Your
97%
on
95%
so
95%
when
95%
When
95%
and
92%
And
92%
in
92%
In
92%
my
92%
to
92%
we
92%
what
92%
no
90%
one
90%
see
90%
were
90%
did
87%
Like
87%
now
87%
of
87%
that
87%
up
87%
was
87%
with
87%
always
85%
at
85%
day
85%
had
85%
into
85%
New
85%
off
85%
saw
85%
say
85%
thought
85%
time
85%
us
85%
way
85%
came,
82%
came
82%
'Cause
82%
how
82%
How
82%
how"
82%
maroon)
82%
maroon
82%
(maroon)
82%
shoes
82%
sky
82%
splashed
82%
That's
82%
that's
82%
T-shirt
82%
wine
82%
again?
79%
again
79%
burgundy
79%
dancin'
79%
end
79%
every
79%
friend
79%
hands
79%
home,
79%
lips
79%
rosé,
79%
York,
79%
between
77%
blood
77%
call
77%
cheap
77%
cheeks,
77%
closest
77%
collarbone,
77%
floor
77%
"How'd
77%
morning
77%
over
77%
real
77%
roommate's
77%
rushed
77%
rust
77%
scarlet,
77%
telephones
77%
used
77%
anyway?"
74%
ass
74%
chose
74%
feet
74%
fucking
74%
gave
74%
grew
74%
hallway
74%
head
74%
hell
74%
hollow
74%
leave
74%
legacy,
74%
legacy
74%
Looked
74%
lose
74%
lost
74%
mark
74%
memory
74%
sight
74%
standin'
74%
top
74%
track
74%
wake
74%
Ain't
72%
blind
72%
Carnations
72%
cleaning
72%
ends?
72%
eyed
72%
hazy
72%
lap
72%
Laughing
72%
roses,
72%
screw
72%
shit
72%
feel
69%
matter
69%
shelf
69%
silence
69%
vinyl
69%
shaking
67%
incense
64%
Sobbin'
64%
rubies
62%

Score Distribution

Percentile by Number Answered

Percent of People with Each Score

Your Score History

You have not taken this quiz